Распределение электронов по энергиям в отрицательном свечении тлеющего разряда; Тезисы докладов на X научно-технической конференции молодых специалистов (25-29 марта)

Detalles Bibliográficos
Parent link:Тезисы докладов на X научно-технической конференции молодых специалистов (25-29 марта).— 1974.— С. 70-71
Autor Principal: Евтушенко Г. С. Геннадий Сергеевич
Outros autores: Гриднев А. Г.
Summary:В фонде НТБ ТПУ отсутствует
Idioma:ruso
Publicado: 1974
Subjects:
Formato: Capítulo de libro
KOHA link:https://koha.lib.tpu.ru/cgi-bin/koha/opac-detail.pl?biblionumber=600883

MARC

LEADER 00000naa0a2200000 4500
001 600883
005 20250821111352.0
035 |a (RuTPU)RU\TPU\tpu\25450 
035 |a RU\TPU\tpu\25440 
090 |a 600883 
100 |a 20140722d1974 k y0rusy50 ca 
101 0 |a rus 
102 |a RU 
200 1 |a Распределение электронов по энергиям в отрицательном свечении тлеющего разряда  |f Г. С. Евтушенко, А. Г. Гриднев 
333 |a В фонде НТБ ТПУ отсутствует 
463 |t Тезисы докладов на X научно-технической конференции молодых специалистов (25-29 марта)  |v С. 70-71  |d 1974 
610 1 |a труды учёных ТПУ 
700 1 |a Евтушенко  |b Г. С.  |c российский специалист в области электрофизики  |c профессор Томского политехнического университета, доктор технических наук  |f 1947-  |g Геннадий Сергеевич  |3 (RuTPU)RU\TPU\pers\21960  |9 9279 
701 1 |a Гриднев  |b А. Г. 
801 1 |a RU  |b 63413507  |c 20131226 
801 2 |a RU  |b 63413507  |c 20140722  |g RCR 
942 |c BK